Inflačný odmäk v hlavnej role

Prognózy vývoja inflácie, miezd, HDP v SR. Porovnanie prognóz vývoja našej ekonomiky s prognózami susedných krajín V4.

Na minha lista:
Detalhes bibliográficos
Autor principal: Morvay, Karol, 1973-
Formato: Capítulo de Livro
Idioma:eslovaco
Assuntos:
Tags: Adicionar Tag
Sem tags, seja o primeiro a adicionar uma tag!

MARC

LEADER 00000naa a2200000 4500
001 0306963
005 20250828102642.2
041 0 |a slo 
044 |a SK 
245 1 0 |a Inflačný odmäk v hlavnej role  |c Karol Morvay 
520 |a Prognózy vývoja inflácie, miezd, HDP v SR. Porovnanie prognóz vývoja našej ekonomiky s prognózami susedných krajín V4. 
610 2 0 |a ekonomika 
610 2 0 |a inflácia 
610 2 0 |a mzdy 
610 2 0 |a produkt domáci hrubý 
610 2 0 |a sily pracovné 
610 2 0 |a kúpyschopnosť 
610 2 0 |a porovnanie medzinárodné 
610 2 0 |a Slovensko 
610 2 0 |a Vyšehradská štvorka 
100 1 |a Morvay, Karol, 1973-